Fundamentals of semiconductor fabrication / (Record no. 31546)
[ view plain ]
| 000 -LEADER | |
|---|---|
| fixed length control field | 01460cam a22003857a 4500 |
| 001 - CONTROL NUMBER | |
| control field | 13308201 |
| 003 - CONTROL NUMBER IDENTIFIER | |
| control field | OSt |
| 005 - DATE AND TIME OF LATEST TRANSACTION | |
| control field | 20211022103928.0 |
| 008 - FIXED-LENGTH DATA ELEMENTS--GENERAL INFORMATION | |
| fixed length control field | 030811s2004 nyua b 001 0 eng d |
| 010 ## - LIBRARY OF CONGRESS CONTROL NUMBER | |
| LC control number | 2003276248 |
| 015 ## - NATIONAL BIBLIOGRAPHY NUMBER | |
| National bibliography number | GBA3-Y5182 |
| 020 ## - INTERNATIONAL STANDARD BOOK NUMBER | |
| International Standard Book Number | 0471232793 |
| 035 ## - SYSTEM CONTROL NUMBER | |
| System control number | (OCoLC)ocm51838570 |
| 038 ## - RECORD CONTENT LICENSOR | |
| Staff Name | khadija |
| 040 ## - CATALOGING SOURCE | |
| Original cataloging agency | UKM |
| Transcribing agency | UKM |
| Modifying agency | HKP |
| -- | FUG |
| -- | DLC |
| 042 ## - AUTHENTICATION CODE | |
| Authentication code | lccopycat |
| 050 00 - LIBRARY OF CONGRESS CALL NUMBER | |
| Classification number | TK7871.85 |
| Item number | .M378 2004 |
| 082 00 - DEWEY DECIMAL CLASSIFICATION NUMBER | |
| Classification number | 621.38152 |
| Edition number | 22 |
| Author Mark | MAY |
| 100 1# - MAIN ENTRY--PERSONAL NAME | |
| Personal name | May, Gary S. |
| 9 (RLIN) | 35779 |
| 245 10 - TITLE STATEMENT | |
| Title | Fundamentals of semiconductor fabrication / |
| Statement of responsibility, etc. | Gary S. May, Simon M. Sze. |
| 250 ## - EDITION STATEMENT | |
| Edition statement | Wiley international ed. |
| 260 ## - PUBLICATION, DISTRIBUTION, ETC. | |
| Place of publication, distribution, etc. | New York : |
| Name of publisher, distributor, etc. | Wiley, |
| Date of publication, distribution, etc. | c2004. |
| 300 ## - PHYSICAL DESCRIPTION | |
| Extent | xiii, 305 p. : |
| Other physical details | ill. ; |
| Dimensions | 26 cm. |
| 504 ## - BIBLIOGRAPHY, ETC. NOTE | |
| Bibliography, etc. note | Includes bibliographical references and index. |
| 563 ## - BINDING INFORMATION | |
| Binding note | paperback |
| 650 #0 - SUBJECT ADDED ENTRY--TOPICAL TERM | |
| Topical term or geographic name entry element | Semiconductors |
| General subdivision | Design and construction. |
| 9 (RLIN) | 35780 |
| 650 #0 - SUBJECT ADDED ENTRY--TOPICAL TERM | |
| Topical term or geographic name entry element | Integrated circuits |
| General subdivision | Design and construction. |
| 9 (RLIN) | 35781 |
| 700 1# - ADDED ENTRY--PERSONAL NAME | |
| Personal name | Sze, S. M., |
| Dates associated with a name | 1936- |
| 9 (RLIN) | 35782 |
| 856 42 - ELECTRONIC LOCATION AND ACCESS | |
| Materials specified | Contributor biographical information |
| Uniform Resource Identifier | <a href="http://www.loc.gov/catdir/bios/wiley044/2003276248.html">http://www.loc.gov/catdir/bios/wiley044/2003276248.html</a> |
| 856 42 - ELECTRONIC LOCATION AND ACCESS | |
| Materials specified | Publisher description |
| Uniform Resource Identifier | <a href="http://www.loc.gov/catdir/description/wiley037/2003276248.html">http://www.loc.gov/catdir/description/wiley037/2003276248.html</a> |
| 856 41 - ELECTRONIC LOCATION AND ACCESS | |
| Materials specified | Table of contents |
| Uniform Resource Identifier | <a href="http://www.loc.gov/catdir/toc/wiley032/2003276248.html">http://www.loc.gov/catdir/toc/wiley032/2003276248.html</a> |
| 906 ## - LOCAL DATA ELEMENT F, LDF (RLIN) | |
| a | 7 |
| b | cbc |
| c | copycat |
| d | 2 |
| e | ncip |
| f | 20 |
| g | y-gencatlg |
| 942 ## - ADDED ENTRY ELEMENTS (KOHA) | |
| Source of classification or shelving scheme | |
| Koha item type | Book |
| Withdrawn status | Lost status | Source of classification or shelving scheme | Damaged status | Not for loan | Permanent Location | Current Location | Shelving location | Date acquired | Total Checkouts | Full call number | Barcode | Date last seen | Date last checked out | Price effective from | Koha item type |
|---|---|---|---|---|---|---|---|---|---|---|---|---|---|---|---|
| School of Mechanical & Manufacturing Engineering (SMME) | School of Mechanical & Manufacturing Engineering (SMME) | General Stacks | 06/25/2015 | 1 | 621.38152 MAY | SMME-50 | 10/07/2025 | 09/08/2025 | 06/25/2015 | Book |
